[Event "Open de Provence 2015 A"]
[Site "Salon de Provence"]
[Date "2015.07.04"]
[Round "1.2"]
[White "Piat, Jean-Pascal"]
[Black "Midoux, Sebastien"]
[Result "0-1"]
[WhiteElo "1815"]
[BlackElo "2316"]
[PlyCount "106"]
[EventDate "2015.??.??"]

1. d4 d5 2. e4 c6 3. Nc3 dxe4 4. f3 e3 5. Bxe3 g6 6. Bc4 Bg7 7. Nge2 Nd7 8. Qd2
Nb6 9. Bb3 h5 10. O-O-O Nh6 11. Kb1 Nf5 12. Ng3 Nxe3 13. Qxe3 Nd5 14. Nxd5 cxd5
15. Rhe1 e6 16. c4 dxc4 17. Bxc4 O-O 18. Qb3 b5 19. Qxb5 Bd7 20. Qa6 Qb8 21.
Bb3 h4 22. Ne4 Bb5 23. Qd6 Rd8 24. Qxb8 Raxb8 25. Nc3 Bc6 26. Re2 Rxd4 27. Rxd4
Bxd4 28. h3 Kg7 29. Kc2 Rc8 30. Rd2 Be5 31. Re2 Kf6 32. Kd1 Bf4 33. Rc2 Rd8+
34. Ke2 Ke7 35. Bc4 f5 36. b4 Rd4 37. b5 Rxc4 38. bxc6 Kd8 39. c7+ Bxc7 40. Kd3
Rb4 41. Re2 Kd7 42. Nd1 Bb6 43. Kc3 Ra4 44. Kb3 Rd4 45. Nb2 Bc7 46. Kc3 e5 47.
Nc4 Rd5 48. Rd2 Rxd2 49. Nxd2 Ba5+ 50. Kd3 Bxd2 51. Kxd2 Kc6 52. Kc3 Kc5 53.
Kd3 Kb4 0-1

[Event "Open de Provence 2015 A"]
[Site "Salon de Provence"]
[Date "2015.07.04"]
[Round "1.3"]
[White "Merenciano, Alexandre"]
[Black "Escafre, Stephane"]
[Result "1-0"]
[WhiteElo "2188"]
[BlackElo "1795"]
[PlyCount "47"]
[EventDate "2015.??.??"]

1. e4 e6 2. d4 d5 3. Nd2 Nf6 4. e5 Nfd7 5. f4 c5 6. c3 Nc6 7. Ndf3 Qb6 8. a3
cxd4 9. cxd4 Be7 10. b4 O-O 11. Bd3 f5 12. exf6 Bxf6 13. Ne2 Kh8 14. Bc2 Ndb8
15. Qd3 g6 16. h4 Qc7 17. h5 Bg7 18. Ne5 Nxe5 19. fxe5 Qf7 20. h6 Bxe5 21. dxe5
Qf2+ 22. Kd1 Qxg2 23. Qh3 Rf1+ 24. Rxf1 1-0

[Event "Open de Provence 2015 A"]
[Site "Salon de Provence"]
[Date "2015.07.04"]
[Round "1.4"]
[White "Baquer, Marc"]
[Black "Rayne, Remy"]
[Result "0-1"]
[WhiteElo "1781"]
[BlackElo "2181"]
[PlyCount "52"]
[EventDate "2015.??.??"]

1. d4 c6 2. c4 d5 3. Nc3 e5 4. cxd5 cxd5 5. Nf3 e4 6. Ng1 Nf6 7. Qb3 Nc6 8. e3
Be7 9. g3 O-O 10. Bg2 Nb4 11. Bf1 b6 12. Bd2 Be6 13. a3 Nc6 14. Nge2 Na5 15.
Qd1 Nc4 16. Qc2 Rb8 17. Nf4 b5 18. Bxc4 bxc4 19. Nxe6 fxe6 20. O-O Ng4 21. Ne2
Qe8 22. Bc3 Qh5 23. h4 g5 24. Kg2 Rf3 25. Ng1 Rbf8 26. Nh3 Rxf2+ 0-1

[Event "Open de Provence 2015 A"]
[Site "Salon de Provence"]
[Date "2015.07.04"]
[Round "1.5"]
[White "Dudognon, Thibault"]
[Black "Salvi, Michel"]
[Result "1-0"]
[WhiteElo "2164"]
[BlackElo "1771"]
[PlyCount "85"]
[EventDate "2015.??.??"]

1. e4 c5 2. Nf3 d6 3. d4 cxd4 4. Nxd4 Nf6 5. Nc3 a6 6. g3 e5 7. Nde2 Be7 8. Bg2
Be6 9. h3 Nbd7 10. O-O O-O 11. g4 Nb6 12. Nd5 Bxd5 13. exd5 Qc7 14. b3 Nfd7 15.
c4 Nc5 16. Ng3 g6 17. Bh6 Rfe8 18. Rc1 a5 19. Be3 Nbd7 20. Qc2 Bh4 21. a3 a4
22. b4 Nb3 23. Rcd1 b6 24. Ne4 Rec8 25. g5 f5 26. gxf6 Nxf6 27. c5 bxc5 28.
bxc5 Nxe4 29. Qxe4 Bf6 30. c6 Nd4 31. h4 Ne2+ 32. Kh1 Nc3 33. Qg4 Nxd1 34. Rxd1
Re8 35. Rb1 Rab8 36. Rxb8 Qxb8 37. h5 Qb1+ 38. Kh2 Re7 39. Qc8+ Kf7 40. Bh3
gxh5 41. Be6+ Rxe6 42. dxe6+ Kg6 43. c7 1-0

[Event "Open de Provence 2015 A"]
[Site "Salon de Provence"]
[Date "2015.07.04"]
[Round "1.6"]
[White "Colandrea, Sauveur"]
[Black "Barret, Simon"]
[Result "0-1"]
[WhiteElo "1765"]
[BlackElo "2161"]
[PlyCount "108"]
[EventDate "2015.??.??"]

1. e4 e6 2. d4 d5 3. exd5 exd5 4. Bd3 c5 5. c3 c4 6. Bc2 Nf6 7. Nf3 Nc6 8. O-O
Bg4 9. Re1+ Be7 10. Nbd2 O-O 11. Nf1 Re8 12. h3 Bh5 13. Ng3 Bg6 14. Bf4 b5 15.
Bxg6 hxg6 16. Ne5 Qb6 17. Qf3 b4 18. Bg5 Rad8 19. Re2 bxc3 20. bxc3 Nxe5 21.
dxe5 Nh7 22. Be3 Qa5 23. Bd4 Nf8 24. Qe3 Rd7 25. f4 Bh4 26. f5 Qd8 27. Rf1 Qg5
28. Qxg5 Bxg5 29. Rb1 Bh4 30. e6 fxe6 31. fxe6 Rxe6 32. Rb8 Bxg3 33. Rxf8+ Kxf8
34. Rxe6 Kf7 35. Ra6 Rb7 36. Kf1 Re7 37. Bf2 Be5 38. Ra3 a6 39. g3 Rb7 40. Ke2
Rb5 41. Bd4 Bxd4 42. cxd4 a5 43. Kd2 Ke6 44. Re3+ Kd6 45. Kc3 Rb1 46. Re8 Rg1
47. Rd8+ Ke6 48. Re8+ Kd7 49. Re3 Rg2 50. Rf3 Rxa2 51. Rf7+ Ke6 52. Ra7 Ra3+
53. Kb2 Rxg3 54. Rxa5 Rxh3 0-1

[Event "Open de Provence 2015 A"]
[Site "Salon de Provence"]
[Date "2015.07.04"]
[Round "1.7"]
[White "Chauvet, Vincent"]
[Black "Duval, Jean-Pierre"]
[Result "1-0"]
[WhiteElo "2146"]
[BlackElo "1757"]
[PlyCount "43"]
[EventDate "2015.??.??"]

1. d4 g6 2. c4 Bg7 3. Nc3 d6 4. e4 Nf6 5. f3 O-O 6. Bg5 e5 7. dxe5 dxe5 8. Qxd8
Rxd8 9. Nd5 Nxd5 10. Bxd8 Ne3 11. Kf2 Nc2 12. Rc1 Nd4 13. Bxc7 Nbc6 14. Bd3 Bf8
15. c5 Be6 16. Ne2 Rc8 17. Nxd4 exd4 18. Bf4 Nb4 19. Bb1 Bxc5 20. a3 Na6 21. b4
d3+ 22. bxc5 1-0

[Event "Open de Provence 2015 A"]
[Site "Salon de Provence"]
[Date "2015.07.04"]
[Round "1.8"]
[White "Sanchez, Frederic"]
[Black "Jeanjean, Dominique"]
[Result "0-1"]
[WhiteElo "1738"]
[BlackElo "2077"]
[PlyCount "58"]
[EventDate "2015.??.??"]

1. d4 Nf6 2. c4 e6 3. Nf3 d5 4. g3 Be7 5. Bg2 O-O 6. O-O dxc4 7. Qc2 a6 8. e3
Nbd7 9. Rd1 c5 10. Nbd2 Qc7 11. Qxc4 b5 12. Qc2 Bb7 13. dxc5 Qxc5 14. Qxc5 Nxc5
15. b4 Nd3 16. a3 Rfd8 17. Nb3 Rac8 18. Nfd4 Bxg2 19. Kxg2 Ne5 20. Bb2 Nc4 21.
Rab1 Ne4 22. Na5 Nxa5 23. bxa5 Rc4 24. f3 Nd6 25. a4 e5 26. Ne2 Rc2 27. Kf1 Nc4
28. Rxd8+ Bxd8 29. Rd1 Nxe3+ 0-1

[Event "Open de Provence 2015 A"]
[Site "Salon de Provence"]
[Date "2015.07.04"]
[Round "1.9"]
[White "Kolb, Sebastien"]
[Black "Loysel, Yves"]
[Result "1/2-1/2"]
[WhiteElo "2077"]
[BlackElo "1723"]
[PlyCount "58"]
[EventDate "2015.??.??"]

1. e4 c5 2. Nf3 d6 3. Bb5+ Bd7 4. Bxd7+ Qxd7 5. c4 Nc6 6. d4 cxd4 7. Nxd4 Nf6
8. Nc3 g6 9. b3 Bg7 10. Bb2 O-O 11. O-O Rac8 12. Rc1 a6 13. Ba1 Rfe8 14. Nc2 e6
15. Ne3 Qe7 16. Rc2 Red8 17. Rd2 Na7 18. Qe2 b5 19. cxb5 axb5 20. e5 dxe5 21.
Rxd8+ Rxd8 22. Nxb5 Nd5 23. Nxa7 Qxa7 24. Nc4 Nf4 25. Qe3 Qa8 26. f3 Rd3 27.
Qf2 f6 28. Kh1 Qd5 29. Bb2 Bf8 1/2-1/2

[Event "Open de Provence 2015 A"]
[Site "Salon de Provence"]
[Date "2015.07.04"]
[Round "1.10"]
[White "Morris, Keith"]
[Black "Faure, Alexandre"]
[Result "0-1"]
[WhiteElo "1715"]
[BlackElo "2006"]
[PlyCount "82"]
[EventDate "2015.??.??"]

1. d4 e6 2. c4 f5 3. g3 Nf6 4. Nc3 g6 5. Bg2 Bg7 6. Nf3 d6 7. O-O O-O 8. Qc2
Nc6 9. a3 e5 10. dxe5 dxe5 11. Rd1 Qe7 12. Bg5 Qf7 13. Nd5 e4 14. Nd4 Nxd4 15.
Rxd4 Nxd5 16. Rxd5 Be6 17. Rb5 c6 18. Rb4 a5 19. Rb3 Bxc4 20. Rxb7 Qxb7 21.
Qxc4+ Kh8 22. Rb1 Qb5 23. Qc2 h6 24. Bc1 Rfd8 25. g4 Rd5 26. b4 Rad8 27. Be3
axb4 28. Rxb4 Qa6 29. Ra4 Qb7 30. Rb4 Qa6 31. Ra4 Qb7 32. Rb4 Qe7 33. h3 Rd1+
34. Bf1 Qh4 35. Rb1 Rxb1 36. Qxb1 Qe7 37. gxf5 gxf5 38. Qe1 Rg8 39. Kh1 Qe6 40.
a4 Be5 41. a5 Qg6 0-1

[Event "Open de Provence 2015 A"]
[Site "Salon de Provence"]
[Date "2015.07.04"]
[Round "1.11"]
[White "Baroyan, Davit"]
[Black "Kizil, Yilmaz"]
[Result "1/2-1/2"]
[WhiteElo "1978"]
[BlackElo "1704"]
[PlyCount "110"]
[EventDate "2015.??.??"]

1. e4 e5 2. Nf3 Nc6 3. Bb5 a6 4. Ba4 Nf6 5. O-O Be7 6. Re1 b5 7. Bb3 d6 8. c3
Na5 9. Bc2 c5 10. h3 O-O 11. d4 cxd4 12. cxd4 Nc6 13. Be3 exd4 14. Nxd4 Nxd4
15. Bxd4 Bb7 16. Nd2 Re8 17. Nf1 Bf8 18. Ng3 g6 19. Qd2 Bg7 20. Rad1 Qc7 21.
Bc3 Rac8 22. Qxd6 Qxd6 23. Rxd6 b4 24. Bxf6 Rxc2 25. Bxg7 Kxg7 26. Rb6 a5 27.
Rxb7 Rxb2 28. Re2 Rxe2 29. Nxe2 Rxe4 30. Kf1 Re5 31. a3 Rd5 32. Ke1 bxa3 33.
Rb3 Kf6 34. Rxa3 Ke7 35. Nc1 Kd6 36. Rd3 a4 37. Kd2 Kc5 38. Rxd5+ Kxd5 39. Kc3
Ke4 40. Nd3 a3 41. Nc5+ Kd5 42. Nd7 a2 43. Kb2 Kd4 44. g4 Kd3 45. Ne5+ Ke2 46.
f3 f6 47. Nxg6 Kxf3 48. Nf8 Kg3 49. Nxh7 Kxh3 50. Nxf6 Kh4 51. Kxa2 Kg5 52. Kb3
Kxf6 53. Kc3 Kg5 54. Kd4 Kf4 55. g5 Kxg5 1/2-1/2

[Event "Open de Provence 2015 A"]
[Site "Salon de Provence"]
[Date "2015.07.04"]
[Round "1.12"]
[White "Derien, Robert"]
[Black "Gomez, Jose"]
[Result "1/2-1/2"]
[WhiteElo "1626"]
[BlackElo "1967"]
[PlyCount "122"]
[EventDate "2015.??.??"]

1. e4 e6 2. d4 d5 3. Nd2 Nc6 4. c3 e5 5. exd5 Qxd5 6. dxe5 Nxe5 7. Qe2 Be7 8.
Ngf3 Nxf3+ 9. Nxf3 Bg4 10. Qb5+ Qxb5 11. Bxb5+ c6 12. Be2 Nf6 13. O-O O-O 14.
Re1 Rfe8 15. Nd4 Bc5 16. Be3 Rad8 17. Bxg4 Nxg4 18. h3 Nxe3 19. fxe3 Bb6 20. b4
Bc7 21. a4 Bg3 22. Re2 Rd5 23. Rf1 Be5 24. Rf3 Bxd4 25. cxd4 Rxd4 26. Rb2 Rd3
27. Kf2 Red8 28. Ke2 Ra3 29. a5 a6 30. Rf4 Re8 31. Rf3 Rd8 32. Rf4 Rad3 33. Re4
Kf8 34. g4 R3d5 35. h4 Re8 36. Rf4 Rde5 37. Rb3 Re4 38. Kf3 R4e5 39. Rd3 h6 40.
h5 Ke7 41. Rfd4 Kf6 42. Kf4 g5+ 43. hxg6 fxg6 44. Rd6+ R5e6 45. e4 g5+ 46. Kf3
Ke5 47. Rd7 Rf8+ 48. Kg3 Kxe4 49. R7d4+ Ke5 50. Rd7 Rf4 51. Rxb7 Rd4 52. Re3+
Kd5 53. Rc3 Ree4 54. Rd7+ Ke5 55. Rc5+ Rd5 56. Re7+ Kd4 57. Rxe4+ Kxe4 58. Rxc6
Rd3+ 59. Kf2 Rd2+ 60. Kg3 Rd3+ 61. Kf2 Rd2+ 1/2-1/2

[Event "Open de Provence 2015 A"]
[Site "Salon de Provence"]
[Date "2015.07.04"]
[Round "1.13"]
[White "Busson, Benoist"]
[Black "Catot, Olivier"]
[Result "1-0"]
[WhiteElo "1940"]
[BlackElo "1601"]
[PlyCount "41"]
[EventDate "2015.??.??"]

1. e4 e6 2. Nf3 d5 3. e5 c5 4. b4 b6 5. c3 Qc7 6. a3 Ne7 7. d4 Ng6 8. Bd3 Nc6
9. O-O Be7 10. Bg5 Bxg5 11. Nxg5 O-O 12. h4 Qe7 13. Nxh7 Kxh7 14. h5 Qg5 15. f4
Qg3 16. hxg6+ Kg8 17. Qh5 fxg6 18. Bxg6 Rxf4 19. Qh7+ Kf8 20. Qh8+ Ke7 21. Qe8#
1-0

[Event "Open de Provence 2015 A"]
[Site "Salon de Provence"]
[Date "2015.07.04"]
[Round "1.14"]
[White "Fournier, Alain"]
[Black "Derige Kane, Yan"]
[Result "0-1"]
[WhiteElo "1589"]
[BlackElo "1940"]
[PlyCount "78"]
[EventDate "2015.??.??"]

1. b3 d5 2. e3 Bf5 3. f4 e6 4. Nf3 Nf6 5. Bb2 c5 6. Bb5+ Nc6 7. Ne5 Rc8 8. O-O
Bd6 9. Bxc6+ bxc6 10. Nc3 Bxe5 11. fxe5 Ng4 12. Rxf5 exf5 13. Qf3 Nh6 14. Ne2
O-O 15. Qg3 f4 16. Nxf4 Nf5 17. Qg4 Nh6 18. Qh5 Qd7 19. e6 fxe6 20. Rf1 Rf5 21.
Qh3 Rcf8 22. Rf3 d4 23. Rg3 R8f6 24. Rf3 Qf7 25. g4 Rg5 26. Rg3 e5 27. Qh5 exf4
28. exf4 Rxg4 29. Rxg4 Nxg4 30. h3 Nh6 31. d3 Rxf4 32. Qd1 Qg6+ 33. Kh2 Rf8 34.
Bc1 Qd6+ 35. Kg1 Nf5 36. Kg2 Qd5+ 37. Kh2 Ne3 38. Bxe3 Qe5+ 39. Kg2 dxe3 0-1

[Event "Open de Provence 2015 A"]
[Site "Salon de Provence"]
[Date "2015.07.04"]
[Round "1.15"]
[White "Benavides, Jeremy"]
[Black "Jullien, Patrick"]
[Result "1-0"]
[WhiteElo "1868"]
[BlackElo "1553"]
[PlyCount "67"]
[EventDate "2015.??.??"]

1. e4 e5 2. Nf3 Nc6 3. Bb5 a6 4. Ba4 Nf6 5. O-O Be7 6. Re1 b5 7. Bb3 O-O 8. h3
Bb7 9. c3 d6 10. d4 Re8 11. Ng5 Rf8 12. a4 Na5 13. Bc2 c5 14. d5 Nxd5 15. Nxh7
Nxc3 16. Nxc3 Kxh7 17. Qh5+ Kg8 18. axb5 axb5 19. Nxb5 Nc6 20. Rxa8 Bxa8 21.
Nc3 Nd4 22. Bb1 Ne6 23. Rd1 Bg5 24. Bxg5 Nxg5 25. f4 exf4 26. e5 g6 27. Qh6 Ne6
28. h4 Qb8 29. h5 Qxb2 30. Ne4 Bxe4 31. Bxe4 Qxe5 32. hxg6 Qg7 33. gxf7+ Qxf7
34. Bd5 1-0

[Event "Open de Provence 2015 A"]
[Site "Salon de Provence"]
[Date "2015.07.04"]
[Round "1.16"]
[White "Dhamelincourt, Thomas"]
[Black "Rihouey, Franck"]
[Result "0-1"]
[WhiteElo "1550"]
[BlackElo "1862"]
[PlyCount "55"]
[EventDate "2015.??.??"]

1. d4 Nf6 2. c4 c5 3. Nf3 cxd4 4. Nxd4 e5 5. Nb3 Nc6 6. Nc3 b6 7. a3 Bb7 8. e4
Be7 9. Be3 d6 10. Bd3 Qd7 11. f3 Nh5 12. Nd5 Bh4+ 13. g3 Be7 14. Qe2 Rc8 15.
O-O Nf6 16. Rac1 h5 17. h4 Nh7 18. Qg2 g5 19. hxg5 Nxg5 20. Bxg5 Bxg5 21. f4
Bd8 22. Kf2 Na5 23. Nxa5 bxa5 24. Qf3 Bxd5 25. cxd5 Bb6+ 26. Ke2 h4 27. Rxc8+
Qxc8 28. fxe5 0-1

[Event "Open de Provence 2015 A"]
[Site "Salon de Provence"]
[Date "2015.07.04"]
[Round "1.17"]
[White "Joubert, Leo"]
[Black "Porte, Jacques"]
[Result "1-0"]
[WhiteElo "1843"]
[BlackElo "1446"]
[PlyCount "77"]
[EventDate "2015.??.??"]

1. c4 c5 2. g3 Nc6 3. Bg2 Nf6 4. Nf3 d6 5. O-O e5 6. Nc3 Be7 7. d3 O-O 8. Ne1
Be6 9. h3 Qd7 10. Kh2 Rad8 11. Nc2 d5 12. cxd5 Nxd5 13. Ne3 Ncb4 14. a3 Nxe3
15. Bxe3 Nd5 16. Nxd5 Bxd5 17. Rc1 Bxg2 18. Kxg2 Qd5+ 19. f3 b6 20. Qa4 Qb7 21.
Qe4 Qd7 22. Rc2 Bf6 23. Rfc1 Rc8 24. Qg4 Qxg4 25. hxg4 h6 26. b4 Be7 27. bxc5
b5 28. f4 f6 29. Kf3 g6 30. Rh1 Kg7 31. fxe5 fxe5+ 32. Ke4 g5 33. Rb1 a6 34. d4
exd4 35. Bxd4+ Kg6 36. Rb3 Rfe8 37. Kd3 Rcd8 38. e3 Rf8 39. Ke2 1-0

[Event "Open de Provence 2015 A"]
[Site "Salon de Provence"]
[Date "2015.07.04"]
[Round "2.1"]
[White "Jeanjean, Dominique"]
[Black "Petrossian, Armen"]
[Result "0-1"]
[WhiteElo "2077"]
[BlackElo "2419"]
[PlyCount "40"]
[EventDate "2015.??.??"]

1. e4 e5 2. Nf3 Nc6 3. d4 exd4 4. Nxd4 Nf6 5. Nc3 Bb4 6. Nxc6 bxc6 7. Bd3 d5 8.
exd5 cxd5 9. O-O O-O 10. Bg5 c6 11. Qf3 Re8 12. Rae1 Be6 13. a3 Bd6 14. Nd1 h6
15. Bh4 Bg4 16. Bxf6 Qd7 17. Bf5 Qxf5 18. Qxf5 Bxf5 19. Ne3 Be6 20. Bh4 d4 0-1

[Event "Open de Provence 2015 A"]
[Site "Salon de Provence"]
[Date "2015.07.04"]
[Round "2.2"]
[White "Midoux, Sebastien"]
[Black "Busson, Benoist"]
[Result "1-0"]
[WhiteElo "2316"]
[BlackElo "1940"]
[PlyCount "55"]
[EventDate "2015.??.??"]

1. Nf3 Nc6 2. e4 e5 3. Nc3 Nf6 4. d4 exd4 5. Nxd4 Bc5 6. Be3 Bb6 7. Qd2 O-O 8.
O-O-O Re8 9. f3 d6 10. g4 Ne5 11. Be2 Be6 12. g5 Nfd7 13. b3 Nc5 14. h4 Ba5 15.
a3 Bxc3 16. Qxc3 Qe7 17. h5 f6 18. Rhg1 Kh8 19. h6 gxh6 20. gxf6 Qxf6 21. Bd2
Ncd7 22. Nxe6 Rxe6 23. f4 Nc6 24. Bg4 Nd4 25. Kb1 Nc5 26. e5 dxe5 27. Qxc5 Rc6
28. Qxe5 1-0

[Event "Open de Provence 2015 A"]
[Site "Salon de Provence"]
[Date "2015.07.04"]
[Round "2.3"]
[White "Faure, Alexandre"]
[Black "Merenciano, Alexandre"]
[Result "1/2-1/2"]
[WhiteElo "2006"]
[BlackElo "2188"]
[PlyCount "48"]
[EventDate "2015.??.??"]

1. e4 e6 2. d4 d5 3. e5 c5 4. c3 Nc6 5. Be3 Nge7 6. Nf3 cxd4 7. cxd4 Bd7 8. Nc3
Nf5 9. Bd3 g6 10. Bxf5 gxf5 11. Ng5 h5 12. O-O Qb6 13. b3 Be7 14. Ne2 h4 15.
Qd2 Qb4 16. Rac1 Qxd2 17. Bxd2 a5 18. Nf3 Nb4 19. Nc3 Nd3 20. Rcd1 Rc8 21. Ne1
Nxe1 22. Rfxe1 Bb4 23. Rc1 Ba3 24. Rb1 h3 1/2-1/2

[Event "Open de Provence 2015 A"]
[Site "Salon de Provence"]
[Date "2015.07.04"]
[Round "2.4"]
[White "Rayne, Remy"]
[Black "Benavides, Jeremy"]
[Result "0-1"]
[WhiteElo "2181"]
[BlackElo "1868"]
[PlyCount "90"]
[EventDate "2015.??.??"]

1. d4 g6 2. Nf3 Bg7 3. c3 e6 4. e4 a6 5. Bg5 Ne7 6. h4 h6 7. Bf4 d6 8. Bc4 b5
9. Bb3 Bb7 10. Nbd2 Nd7 11. Qe2 e5 12. dxe5 Nxe5 13. Nxe5 dxe5 14. Be3 Nc8 15.
c4 Nd6 16. f3 bxc4 17. Ba4+ c6 18. Nxc4 Nxc4 19. Qxc4 O-O 20. Bc5 Qa5+ 21. Qb4
Qxb4+ 22. Bxb4 Rfd8 23. O-O Rd4 24. Bc3 Rxa4 25. b3 Rd4 26. Bxd4 exd4 27. Rac1
Re8 28. b4 a5 29. bxa5 Ra8 30. Rc5 Ba6 31. Rb1 Bb5 32. Rcxb5 cxb5 33. Rxb5 Kf8
34. Kf1 Ke7 35. Ke2 Kd6 36. Kd3 Rc8 37. a6 Rc3+ 38. Kd2 Ra3 39. Rb7 Rxa6 40.
Rxf7 Rxa2+ 41. Kd3 Ra3+ 42. Kd2 Be5 43. f4 Ke6 44. Rb7 Bxf4+ 45. Kd1 d3 0-1

[Event "Open de Provence 2015 A"]
[Site "Salon de Provence"]
[Date "2015.07.04"]
[Round "2.5"]
[White "Derige Kane, Yan"]
[Black "Dudognon, Thibault"]
[Result "1/2-1/2"]
[WhiteElo "1940"]
[BlackElo "2164"]
[PlyCount "68"]
[EventDate "2015.??.??"]

1. d4 d5 2. c4 c6 3. Nf3 Nf6 4. e3 Bf5 5. cxd5 cxd5 6. Nc3 Nc6 7. Qb3 Rb8 8.
Bb5 a6 9. Bxc6+ bxc6 10. Qa4 Qc8 11. Ne5 Bd7 12. Nxd7 Nxd7 13. e4 e6 14. exd5
cxd5 15. O-O Bd6 16. Qd1 O-O 17. Qe2 Qb7 18. Rb1 Rfc8 19. Bd2 Rc4 20. Qd3 Qc7
21. h3 Bb4 22. Rbc1 Qa7 23. Ne2 Bxd2 24. Qxd2 Rbc8 25. b3 R4c6 26. Rxc6 Rxc6
27. Rc1 Qc7 28. Rxc6 Qxc6 29. Qc3 Qxc3 30. Nxc3 Nb8 31. a3 Nc6 32. Ne2 Na5 33.
Nc1 Nc6 34. Ne2 Na5 1/2-1/2

[Event "Open de Provence 2015 A"]
[Site "Salon de Provence"]
[Date "2015.07.04"]
[Round "2.6"]
[White "Barret, Simon"]
[Black "Joubert, Leo"]
[Result "1-0"]
[WhiteElo "2161"]
[BlackElo "1843"]
[PlyCount "90"]
[EventDate "2015.??.??"]

1. d4 Nf6 2. Nc3 e6 3. e4 d5 4. e5 Nfd7 5. f4 c5 6. Nf3 Nc6 7. Be3 Be7 8. Qd2
O-O 9. dxc5 Bxc5 10. O-O-O Qb6 11. Bxc5 Qxc5 12. Bd3 Qe7 13. Rhe1 f6 14. exf6
Nxf6 15. g3 Bd7 16. Qe2 Rae8 17. Ne5 Bc8 18. Qg2 Nxe5 19. Rxe5 a6 20. Rde1 Qb4
21. a3 Qc5 22. Ne4 Nxe4 23. Bxe4 Qc6 24. Rxd5 exd5 25. Bxd5+ Kh8 26. Bxc6 Rxe1+
27. Kd2 Re7 28. Be4 Rd8+ 29. Bd3 Bg4 30. Qh1 Bf5 31. Qf3 Red7 32. g4 Bxd3 33.
cxd3 Kg8 34. f5 Kf7 35. Qe4 Kf6 36. h4 Rxd3+ 37. Kc2 Rd2+ 38. Kb1 R2d6 39. g5+
Kf7 40. Qxb7+ R8d7 41. Qe4 Rb6 42. Qc4+ Kf8 43. Qc8+ Ke7 44. Qg8 Rdb7 45. Qxg7+
Kd6 1-0

[Event "Open de Provence 2015 A"]
[Site "Salon de Provence"]
[Date "2015.07.04"]
[Round "2.7"]
[White "Rihouey, Franck"]
[Black "Chauvet, Vincent"]
[Result "0-1"]
[WhiteElo "1862"]
[BlackElo "2146"]
[PlyCount "160"]
[EventDate "2015.??.??"]

1. d4 d5 2. Nf3 Nf6 3. e3 c5 4. c3 Nc6 5. Bd3 Bg4 6. Nbd2 e6 7. Qa4 Bxf3 8.
Nxf3 Bd6 9. dxc5 Bxc5 10. Ne5 Qc7 11. Nxc6 bxc6 12. b4 Bd6 13. b5 O-O 14. bxc6
Be5 15. Bd2 Rac8 16. f4 Bd6 17. O-O Qxc6 18. Qxc6 Rxc6 19. Rab1 Bc5 20. Rfe1
Ne4 21. Bxe4 dxe4 22. Kf2 Rd8 23. Ke2 Bb6 24. Rec1 f5 25. Rc2 Rc4 26. Rb4 Rdc8
27. Rxc4 Rxc4 28. Rb2 Ra4 29. Rc2 Kf7 30. Kd1 Ke7 31. Kc1 Kd6 32. Kb2 Rc4 33.
Kb3 Kd5 34. Bc1 Rc8 35. c4+ Kc6 36. a4 Rb8 37. Kc3 Bc5 38. Rb2 Rc8 39. Rb3 a5
40. Kc2 Bb4 41. Bb2 Kc5 42. Bxg7 Rg8 43. Bd4+ Kxc4 44. g3 h5 45. Bf6 Rg6 46.
Bd8 Rg7 47. Bf6 Rd7 48. Bd4 Rd8 49. Rb1 h4 50. Rg1 h3 51. g4 e5 52. fxe5 f4 53.
g5 f3 54. e6 f2 55. Rf1 Rxd4 56. Rxf2 Rd8 57. Rf7 Re8 58. Rf6 Kd5 59. Rh6 Rxe6
60. Rxh3 Rg6 61. Rg3 Ke5 62. h4 Kf5 63. Rg1 Rc6+ 64. Kd1 Kg6 65. Rg4 Rc4 66.
Rf4 Be7 67. Kd2 Rxa4 68. Kc3 Rb4 69. Rf1 Rb8 70. Kd4 a4 71. Kxe4 Rb4+ 72. Kd3
Rxh4 73. e4 Bxg5 74. Ra1 a3 75. e5 Be7 76. Kc2 Rh3 77. Rd1 Kf5 78. Re1 Ke6 79.
Kb1 Rh2 80. Ka1 Bc5 0-1

[Event "Open de Provence 2015 A"]
[Site "Salon de Provence"]
[Date "2015.07.04"]
[Round "2.8"]
[White "Kizil, Yilmaz"]
[Black "Kolb, Sebastien"]
[Result "0-1"]
[WhiteElo "1704"]
[BlackElo "2077"]
[PlyCount "68"]
[EventDate "2015.??.??"]

1. e4 c5 2. Nc3 Nc6 3. f4 g6 4. Nf3 Bg7 5. Bc4 e6 6. f5 Nge7 7. a4 d5 8. Ba2 d4
9. Ne2 exf5 10. d3 O-O 11. O-O Ne5 12. Nxe5 Bxe5 13. Qe1 Be6 14. Qh4 Bxa2 15.
Rxa2 fxe4 16. dxe4 f5 17. Bg5 Rf7 18. exf5 gxf5 19. Nf4 Bxf4 20. Rxf4 Qd5 21.
Bxe7 Qxa2 22. Bf6 Qe6 23. Qg5+ Kf8 24. Bd8 Qe1+ 25. Rf1 Qe3+ 26. Kh1 Qxg5 27.
Bxg5 Re8 28. h3 Re2 29. Kh2 Ke8 30. c3 d3 31. b4 cxb4 32. cxb4 Rg7 33. Rxf5 d2
34. Rc5 Rxg2+ 0-1

[Event "Open de Provence 2015 A"]
[Site "Salon de Provence"]
[Date "2015.07.04"]
[Round "2.10"]
[White "Loysel, Yves"]
[Black "Derien, Robert"]
[Result "1/2-1/2"]
[WhiteElo "1723"]
[BlackElo "1626"]
[PlyCount "54"]
[EventDate "2015.??.??"]

1. e4 d6 2. d4 Nf6 3. Nc3 g6 4. Be2 Bg7 5. h4 h5 6. Bg5 Nbd7 7. Nh3 c5 8. Be3
Qa5 9. f3 cxd4 10. Bxd4 Ne5 11. Bb5+ Bd7 12. Bxd7+ Nexd7 13. O-O O-O 14. Qe2 a6
15. Rfd1 Rac8 16. Nf2 b5 17. a3 Rc6 18. Nd5 Nxd5 19. exd5 Rc4 20. Bxg7 Kxg7 21.
Qxe7 Qc7 22. c3 Rc8 23. g3 Ne5 24. Qxc7 R4xc7 25. Kg2 Nc4 26. Re1 Nxb2 27. Ne4
Nc4 1/2-1/2

[Event "Open de Provence 2015 A"]
[Site "Salon de Provence"]
[Date "2015.07.04"]
[Round "2.11"]
[White "Maccagnan, Tomas"]
[Black "Sanchez, Frederic"]
[Result "1-0"]
[WhiteElo "1822"]
[BlackElo "1738"]
[PlyCount "71"]
[EventDate "2015.??.??"]

1. e4 c6 2. d4 d5 3. Nc3 dxe4 4. Nxe4 Bf5 5. Ng3 Bg6 6. Nf3 Nd7 7. h4 h6 8. h5
Bh7 9. Bd3 Bxd3 10. Qxd3 Qc7 11. Bd2 Ngf6 12. O-O-O O-O-O 13. Qe2 e6 14. Rhe1
Bd6 15. Ne5 Rhf8 16. f4 Qb6 17. Nc4 Qc7 18. Ne5 Qb6 19. c4 c5 20. Bc3 cxd4 21.
Bxd4 Qa5 22. Kb1 Bc5 23. Bc3 Bb4 24. Bxb4 Qxb4 25. Nxd7 Rxd7 26. Rxd7 Nxd7 27.
Rd1 Nc5 28. Qe5 Qxc4 29. Qd6 Re8 30. Rc1 Qxc1+ 31. Kxc1 b6 32. b4 Nd7 33. Ne4
f5 34. Qc6+ Kd8 35. Nd6 Rf8 36. Nb7+ 1-0

[Event "Open de Provence 2015 A"]
[Site "Salon de Provence"]
[Date "2015.07.04"]
[Round "2.12"]
[White "Catot, Olivier"]
[Black "Piat, Jean-Pascal"]
[Result "0-1"]
[WhiteElo "1601"]
[BlackElo "1815"]
[PlyCount "86"]
[EventDate "2015.??.??"]

1. d4 Nf6 2. Nf3 g6 3. Nc3 d5 4. Bf4 a6 5. h3 c6 6. e3 Qa5 7. Bd3 e6 8. a3 Nbd7
9. O-O Nh5 10. Bh2 f5 11. Ne5 Nhf6 12. Ne2 Bg7 13. Nf3 Qd8 14. c4 O-O 15. Rc1
Re8 16. b4 Ne4 17. Qb3 Qe7 18. cxd5 exd5 19. Rfe1 Ndf6 20. Qa2 Bd7 21. Be5 g5
22. Nc3 Nxc3 23. Rxc3 Ne4 24. Bxe4 fxe4 25. Bxg7 exf3 26. Be5 fxg2 27. e4 Be6
28. Qd2 dxe4 29. Rxe4 Bf5 30. Ree3 h6 31. Rg3 Qd7 32. Qc1 Kh7 33. Kxg2 Rg8 34.
Kh2 Rg6 35. Rcf3 Rag8 36. Qg1 Bxh3 37. Rf6 Rxf6 38. Bxf6 Qf5 39. Rxh3 Qxf6 40.
f3 Qf4+ 41. Rg3 Rd8 42. Qe1 Rf8 43. Qe4+ Kg7 0-1

[Event "Open de Provence 2015 A"]
[Site "Salon de Provence"]
[Date "2015.07.04"]
[Round "2.13"]
[White "Escafre, Stephane"]
[Black "Morris, Keith"]
[Result "1-0"]
[WhiteElo "1795"]
[BlackElo "1715"]
[PlyCount "52"]
[EventDate "2015.??.??"]

1. e4 e5 2. Nf3 Nc6 3. d4 exd4 4. Nxd4 Bc5 5. Nxc6 bxc6 6. Bc4 Nf6 7. Nc3 d6 8.
O-O O-O 9. Bg5 h6 10. Bh4 Rb8 11. Bb3 Ba6 12. Re1 g5 13. Bg3 Bc8 14. h3 Be6 15.
Na4 Bb6 16. Nxb6 Rxb6 17. e5 dxe5 18. Qxd8 Rxd8 19. Bxe5 Ne8 20. Rad1 Rxd1 21.
Rxd1 Bxb3 22. axb3 Rb5 23. Bc3 Rd5 24. Ra1 Nd6 25. Rxa7 Nb5 26. Ra8+ Kh7 1-0